[Event "Madrid 2023-2024ch - Previa B"]
[Site "Madrid ESP"]
[Date "2024.02.09"]
[Round "4.3"]
[White "Mata Medina, Andres"]
[Black "Pajuelo Morales, Raul"]
[Result "1-0"]
[WhiteElo "1774"]
[BlackElo "1879"]
[PlyCount "99"]
[EventDate "2024.02.01"]
[EventType "swiss"]
[EventRounds "9"]
[EventCountry "ESP"]
[SourceTitle "Ajedrez en Madrid"]
[Source "lmi"]
[SourceDate "2024.02.01"]
[SourceVersion "1"]
[SourceVersionDate "2024.02.25"]
[SourceQuality "1"]

1. d4 Nf6 2. c4 g6 3. Nc3 Bg7 4. e4 d6 5. Be2 O-O 6. Be3 Na6 7. Nf3 e5 8. d5
Nc5 9. Nd2 a5 10. g4 Ne8 11. h4 f5 12. g5 f4 13. Bxc5 dxc5 14. Qc2 Bd7 15.
O-O-O Nd6 16. Rdg1 Qe8 17. h5 b5 18. hxg6 hxg6 19. cxb5 f3 20. Bxf3 Bxb5 21.
Nxb5 Nxb5 22. Bg4 Nd4 23. Qxc5 Rf4 24. Nb3 Qf8 25. Qxf8+ Kxf8 26. Nxd4 exd4 27.
f3 Rb8 28. b3 a4 29. Kc2 axb3+ 30. axb3 d3+ 31. Kxd3 Rxb3+ 32. Kc4 Rc3+ 33. Kb5
Be5 34. Rc1 Rxc1 35. Rxc1 Rf7 36. Rc6 Kg7 37. Ka6 Re7 38. Kb7 Bd6 39. Be6 Bf4
40. Kc8 Bd6 41. Kb7 Be5 42. Rc4 Kf8 43. Kc6 Kg7 44. Ra4 Kf8 45. Ra8+ Re8 46.
Ra2 Re7 47. Rf2 Bf4 48. Rg2 Kg7 49. Rg4 Bh2 50. f4 1-0

[Event "Madrid 2023-2024ch - Previa B"]
[Site "Madrid ESP"]
[Date "2024.02.09"]
[Round "4.4"]
[White "Baeza Escudero, Javier"]
[Black "Palomo Monserrat, Lorenzo"]
[Result "1/2-1/2"]
[WhiteElo "1802"]
[BlackElo "1867"]
[PlyCount "87"]
[EventDate "2024.02.01"]
[EventType "swiss"]
[EventRounds "9"]
[EventCountry "ESP"]
[SourceTitle "Ajedrez en Madrid"]
[Source "lmi"]
[SourceDate "2024.02.01"]
[SourceVersion "1"]
[SourceVersionDate "2024.02.25"]
[SourceQuality "1"]

1. e4 c5 2. Nc3 Nc6 3. Bb5 Nd4 4. Bc4 g6 5. Nf3 Bg7 6. Nxd4 cxd4 7. Qf3 e6 8.
Nb5 d6 9. Qa3 Be5 10. O-O g5 11. d3 a6 12. Bxg5 Qxg5 13. Nc7+ Kf8 14. Nxa8 Nf6
15. g3 Ng4 16. h4 Qh6 17. Qa5 b5 18. Bb3 Bxg3 19. Qd8+ Kg7 20. Qg5+ Qxg5 21.
hxg5 Bh2+ 22. Kg2 Bd7 23. Nb6 Bc6 24. a4 h6 25. axb5 axb5 26. f3 Ne3+ 27. Kxh2
Nxf1+ 28. Kg1 hxg5 29. Ra7 Rb8 30. Kxf1 Rxb6 31. Bxe6 Kf6 32. Bxf7 Rb7 33. Rxb7
Bxb7 34. Be8 b4 35. Kg2 Bc8 36. Kg3 Ke5 37. Bf7 Bd7 38. Bh5 Be6 39. b3 Bd7 40.
Bg4 Be8 41. Bf5 Bh5 42. Bd7 d5 43. Bg4 Bf7 44. Bf5 1/2-1/2

[Event "Madrid 2023-2024ch - Previa B"]
[Site "Madrid ESP"]
[Date "2024.02.09"]
[Round "4.5"]
[White "Mazo Fernandez, Roberto"]
[Black "San Vicente Crespo, Pablo"]
[Result "1-0"]
[WhiteElo "1947"]
[BlackElo "1676"]
[PlyCount "161"]
[EventDate "2024.02.01"]
[EventType "swiss"]
[EventRounds "9"]
[EventCountry "ESP"]
[SourceTitle "Ajedrez en Madrid"]
[Source "lmi"]
[SourceDate "2024.02.01"]
[SourceVersion "1"]
[SourceVersionDate "2024.02.25"]
[SourceQuality "1"]

1. c4 Nf6 2. Nc3 g6 3. g3 Bg7 4. Bg2 O-O 5. e4 d6 6. Nge2 Nbd7 7. O-O Rb8 8. d3
c6 9. a4 a5 10. h3 Nb6 11. Be3 d5 12. Qb3 Nbd7 13. cxd5 cxd5 14. exd5 b6 15.
Nd4 Nc5 16. Qa3 Bb7 17. Nc6 Bxc6 18. dxc6 Qxd3 19. Bxc5 bxc5 20. Nb5 Qxa3 21.
Rxa3 Ne8 22. c7 Nxc7 23. Nxc7 Rxb2 24. Nd5 e6 25. Ne3 Rb4 26. Ra2 Rd8 27. Rc1
Bd4 28. Bf1 Rb3 29. Re1 Rdb8 30. Bb5 Kg7 31. Kg2 Rd8 32. Rd1 Rc8 33. Nc4 Ra8
34. Rad2 Kf6 35. Rd3 Rb4 36. Ne3 Rb2 37. R1d2 Rxd2 38. Rxd2 Bxe3 39. fxe3 Rc8
40. Kf3 Ke5 41. Ke2 h5 42. Rd7 f5 43. Rg7 Kf6 44. Ra7 g5 45. Rxa5 g4 46. h4 Ke5
47. Ra6 c4 48. Rc6 Rd8 49. Rxc4 Rd5 50. Be8 Kf6 51. Bb5 Ke5 52. Rb4 Rc5 53. Rb2
Rc3 54. a5 Ke4 55. Bd3+ Kd5 56. Ra2 Rc7 57. a6 Ra7 58. Rc2 e5 59. Rc8 f4 60.
Kf2 e4 61. Bc4+ Ke5 62. gxf4+ Kd6 63. Rh8 Rc7 64. Be2 Kc6 65. Rxh5 Kb6 66. Rg5
Ka7 67. Rxg4 Rh7 68. f5 Rf7 69. Rf4 Ka8 70. f6 Ka7 71. h5 Ka8 72. Bc4 Rf8 73.
f7 Ka7 74. Rxe4 Rd8 75. Re8 Rd2+ 76. Be2 Rd5 77. f8=Q Rd6 78. Ra8+ Kb6 79.
Qxd6+ Ka5 80. Qc5+ Ka4 81. Bd1# 1-0

[Event "Madrid 2023-2024ch - Previa B"]
[Site "Madrid ESP"]
[Date "2024.02.09"]
[Round "4.6"]
[White "Tendero Perez, Daniel"]
[Black "Gutierrez Diaz, Pablo"]
[Result "0-1"]
[WhiteElo "1603"]
[BlackElo "1928"]
[PlyCount "70"]
[EventDate "2024.02.01"]
[EventType "swiss"]
[EventRounds "9"]
[EventCountry "ESP"]
[SourceTitle "Ajedrez en Madrid"]
[Source "lmi"]
[SourceDate "2024.02.01"]
[SourceVersion "1"]
[SourceVersionDate "2024.02.25"]
[SourceQuality "1"]

1. d4 Nf6 2. Nf3 g6 3. e3 Bg7 4. c4 O-O 5. Nc3 d6 6. Be2 Nbd7 7. h3 e5 8. d5 a5
9. e4 Nc5 10. Qc2 Nh5 11. Be3 b6 12. g4 Nf4 13. Bxf4 exf4 14. a4 Re8 15. Nd2
Bd7 16. h4 Qe7 17. f3 Rec8 18. Nb3 Bxc3+ 19. Qxc3 Nxa4 20. Qd2 Qe5 21. Rb1 c6
22. Nc1 cxd5 23. cxd5 Nc5 24. Nd3 Nxd3+ 25. Bxd3 Rc5 26. Kf2 Qd4+ 27. Ke2 Rac8
28. Rhc1 Qf6 29. g5 Qe5 30. h5 Qxg5 31. Rg1 Qe5 32. hxg6 hxg6 33. Rg2 Rxd5 34.
Rbg1 Rxd3 35. Kxd3 Bb5# 0-1

[Event "Madrid 2023-2024ch - Previa B"]
[Site "Madrid ESP"]
[Date "2024.02.09"]
[Round "4.7"]
[White "Arce Balluerca, Oscar"]
[Black "De Dompablo Fantova, Juan"]
[Result "0-1"]
[WhiteElo "1870"]
[BlackElo "1564"]
[PlyCount "70"]
[EventDate "2024.02.01"]
[EventType "swiss"]
[EventRounds "9"]
[EventCountry "ESP"]
[SourceTitle "Ajedrez en Madrid"]
[Source "lmi"]
[SourceDate "2024.02.01"]
[SourceVersion "1"]
[SourceVersionDate "2024.02.25"]
[SourceQuality "1"]

1. e4 e5 2. Nc3 Bc5 3. Bc4 Nf6 4. f4 d6 5. Nf3 Nc6 6. h3 a6 7. d3 b5 8. Bb3 Na5
9. fxe5 dxe5 10. Nxe5 Nxb3 11. axb3 Qd4 12. Qf3 Qxe5 13. Bf4 Qe7 14. Nxb5 axb5
15. Rxa8 O-O 16. Bg5 Qe5 17. Bxf6 gxf6 18. c3 Qg5 19. Kd1 Be7 20. Kc2 Kh8 21.
d4 f5 22. e5 f4 23. Ra7 Bf5+ 24. Kd2 Bg6 25. h4 Qf5 26. Qd1 Qd3+ 27. Ke1 Qg3+
28. Kf1 Bxh4 29. Qd2 Rg8 30. Rh3 Qg5 31. Rxc7 Be4 32. Rh2 Qg3 33. Kg1 f3 34.
Rxh4 Qxh4 35. Kf1 Qh1+ 0-1

[Event "Madrid 2023-2024ch - Previa B"]
[Site "Madrid ESP"]
[Date "2024.02.09"]
[Round "4.9"]
[White "Marin Lopez, Juan Jose"]
[Black "De Fuenmayor Fernandez de la , Carlos Pablo"]
[Result "1-0"]
[WhiteElo "1775"]
[BlackElo "1532"]
[PlyCount "37"]
[EventDate "2024.02.01"]
[EventType "swiss"]
[EventRounds "9"]
[EventCountry "ESP"]
[SourceTitle "Ajedrez en Madrid"]
[Source "lmi"]
[SourceDate "2024.02.01"]
[SourceVersion "1"]
[SourceVersionDate "2024.02.25"]
[SourceQuality "1"]

1. e4 e5 2. Nf3 Nf6 3. d4 Nxe4 4. Bd3 d5 5. Nxe5 Be7 6. O-O Bf5 7. Qf3 Bg6 8.
Nxg6 hxg6 9. Bxe4 dxe4 10. Qxe4 Qd6 11. Bf4 Qc6 12. d5 Qb6 13. Re1 Qf6 14. Nc3
Kd7 15. Qa4+ c6 16. Rad1 Kc8 17. dxc6 Nxc6 18. Nd5 b5 19. Qa6+ 1-0

[Event "Madrid 2023-2024ch - Previa B"]
[Site "Madrid ESP"]
[Date "2024.02.09"]
[Round "4.10"]
[White "Marret, Constantin Pierre"]
[Black "Mansor Habash, Zouheir"]
[Result "0-1"]
[WhiteElo "1532"]
[BlackElo "1731"]
[PlyCount "126"]
[EventDate "2024.02.01"]
[EventType "swiss"]
[EventRounds "9"]
[EventCountry "ESP"]
[SourceTitle "Ajedrez en Madrid"]
[Source "lmi"]
[SourceDate "2024.02.01"]
[SourceVersion "1"]
[SourceVersionDate "2024.02.25"]
[SourceQuality "1"]

1. d4 Nf6 2. Nf3 c5 3. c3 g6 4. g3 Bg7 5. Bg2 O-O 6. O-O d5 7. h3 Nc6 8. Ne5 h6
9. Re1 Qb6 10. Nxc6 Qxc6 11. e3 c4 12. Nd2 Bf5 13. b3 cxb3 14. Qxb3 a5 15. c4
e6 16. Ba3 a4 17. Qb5 Qxb5 18. cxb5 Rfc8 19. Rac1 Bd3 20. Bf1 Bxf1 21. Kxf1 Bf8
22. Rxc8 Rxc8 23. Rc1 Rxc1+ 24. Bxc1 Ne8 25. e4 Nc7 26. b6 Na8 27. exd5 exd5
28. Nb1 Nxb6 29. Nc3 Bb4 30. Nb5 h5 31. Bf4 Nc4 32. Nc7 Nb6 33. Nb5 f6 34. Bd6
Bd2 35. Nc7 Bc1 36. Bc5 Nd7 37. Nxd5 Nxc5 38. dxc5 Kf7 39. Nc3 a3 40. Ke2 Ke6
41. Kd3 Bb2 42. Na4 Kd5 43. f3 Bd4 44. g4 hxg4 45. fxg4 Bxc5 46. Nxc5 Kxc5 47.
Kc3 b5 48. h4 Kd5 49. h5 gxh5 50. gxh5 Ke6 51. Kb4 Kf5 52. Kxb5 Kg5 53. Kc4
Kxh5 54. Kd4 Kg4 55. Ke3 Kg3 56. Ke4 Kg4 57. Ke3 f5 58. Ke2 f4 59. Kf2 f3 60.
Kf1 Kg3 61. Kg1 Kf4 62. Kf2 Ke4 63. Kf1 Ke3 0-1

[Event "Madrid 2023-2024ch - Previa B"]
[Site "Madrid ESP"]
[Date "2024.02.09"]
[Round "4.11"]
[White "Godoy Herrera, Carlos"]
[Black "Garcia Tanjala, Marko"]
[Result "1/2-1/2"]
[WhiteElo "1701"]
[BlackElo "1527"]
[PlyCount "116"]
[EventDate "2024.02.01"]
[EventType "swiss"]
[EventRounds "9"]
[EventCountry "ESP"]
[SourceTitle "Ajedrez en Madrid"]
[Source "lmi"]
[SourceDate "2024.02.01"]
[SourceVersion "1"]
[SourceVersionDate "2024.02.25"]
[SourceQuality "1"]

1. b3 e5 2. Bb2 Nc6 3. e3 Nf6 4. d4 exd4 5. exd4 d5 6. Nf3 Bg4 7. Be2 Bd6 8.
O-O O-O 9. c4 Bf4 10. Ne5 Bxe2 11. Qxe2 Re8 12. g3 Bxe5 13. dxe5 dxc4 14. bxc4
Qe7 15. Re1 Nd7 16. f4 Qc5+ 17. Kg2 Nb6 18. Nd2 Rad8 19. Rac1 Nd4 20. Qg4 Nf5
21. Ne4 Ne3+ 22. Rxe3 Qxe3 23. Nf6+ Kh8 24. Nxe8 Rxe8 25. Qd1 Kg8 26. Qd4 Qxd4
27. Bxd4 Rd8 28. Be3 Kf8 29. Kf2 Ke7 30. Bc5+ Ke6 31. Ke3 g6 32. g4 f5 33. exf6
Kxf6 34. Bd4+ Kf7 35. h4 Nd7 36. h5 Nf6 37. hxg6+ Kxg6 38. f5+ Kg5 39. Bxf6+
Kxf6 40. Rh1 Kg7 41. g5 Rd7 42. Rh6 c5 43. f6+ Kg8 44. Ke4 Rd4+ 45. Kf5 Rxc4
46. f7+ Kxf7 47. Rxh7+ Kf8 48. Rxb7 Ra4 49. Kf6 Rf4+ 50. Kg6 a5 51. Rb5 Ra4 52.
Rxc5 Rxa2 53. Rc8+ Ke7 54. Kg7 a4 55. Ra8 a3 56. Ra6 Ke8 57. g6 Ke7 58. Kg8 Rg2
1/2-1/2

[Event "Madrid 2023-2024ch - Previa B"]
[Site "Madrid ESP"]
[Date "2024.02.09"]
[Round "4.12"]
[White "Hurtado Garrido, Reyes"]
[Black "Quiroga Andres, Carlos"]
[Result "1/2-1/2"]
[WhiteElo "1697"]
[BlackElo "1373"]
[PlyCount "80"]
[EventDate "2024.02.01"]
[EventType "swiss"]
[EventRounds "9"]
[EventCountry "ESP"]
[SourceTitle "Ajedrez en Madrid"]
[Source "lmi"]
[SourceDate "2024.02.01"]
[SourceVersion "1"]
[SourceVersionDate "2024.02.25"]
[SourceQuality "1"]

1. d4 f5 2. Bf4 Nf6 3. e3 e6 4. Nf3 b6 5. Bd3 Bb7 6. O-O Be7 7. h3 O-O 8. c4 h6
9. Nc3 Ne4 10. Qc2 Nxc3 11. bxc3 Bxf3 12. gxf3 Qe8 13. Rfe1 Qh5 14. Bf1 c6 15.
Bxb8 Raxb8 16. f4 Rf6 17. Qe2 Qf7 18. Bg2 d5 19. a4 Rg6 20. Kh2 a6 21. Reb1 Qe8
22. Rb3 Bd6 23. Rab1 Bc7 24. cxd5 cxd5 25. Qxa6 Ra8 26. Qb5 Qxb5 27. axb5 Rf6
28. c4 Rd8 29. cxd5 exd5 30. Rc3 Rd7 31. Rbc1 Bd8 32. Rc6 Rfd6 33. Rxd6 Rxd6
34. Rc6 Rd7 35. Kg1 Kf7 36. Kf1 Ke7 37. Ke2 Rd6 38. Rc3 Ke6 39. Kd3 Rd7 40.
Rc6+ Rd6 1/2-1/2

[Event "Madrid 2023-2024ch - Previa B"]
[Site "Madrid ESP"]
[Date "2024.02.09"]
[Round "4.13"]
[White "Mosteiro Montoro, Alvaro"]
[Black "Bocancea, Cristian Andrei"]
[Result "0-1"]
[WhiteElo "1483"]
[BlackElo "1549"]
[PlyCount "107"]
[EventDate "2024.02.01"]
[EventType "swiss"]
[EventRounds "9"]
[EventCountry "ESP"]
[SourceTitle "Ajedrez en Madrid"]
[Source "lmi"]
[SourceDate "2024.02.01"]
[SourceVersion "1"]
[SourceVersionDate "2024.02.25"]
[SourceQuality "1"]

1. d4 Nf6 2. Nf3 e6 3. c4 b6 4. Nc3 Bb4 5. Bd2 Bb7 6. e3 O-O 7. Bd3 d5 8. a3
Bd6 9. O-O Nbd7 10. cxd5 exd5 11. b4 a6 12. Qc2 Rc8 13. Rac1 Re8 14. Qa4 b5 15.
Qc2 Nb6 16. Rfe1 Ne4 17. Re2 Nc4 18. Ra1 h6 19. Be1 Qe7 20. h3 Bc6 21. Nd2
Nexd2 22. Bxd2 Qf6 23. Bf5 Ra8 24. Bg4 a5 25. Bf3 Qe6 26. bxa5 Nxa3 27. Rxa3
Bxa3 28. Qb3 b4 29. Bxd5 Bxd5 30. Qxd5 bxc3 31. Qxe6 Rxe6 32. Bxc3 Rc6 33. Bb2
Rxa5 34. Bxa3 Rxa3 35. Kh2 Rcc3 36. Kg3 c5 37. Kf4 f6 38. d5 Kf7 39. e4 c4 40.
h4 Rd3 41. h5 c3 42. e5 Ra4+ 43. Kf5 Rxd5 44. f4 Rd2 45. e6+ Ke7 46. Re3 Rc4
47. g3 c2 48. Kg6 c1=Q 49. Kxg7 Rg2 50. Rf3 Rxf4 51. Rb3 Qc8 52. Kxh6 Qh8+ 53.
Kg6 Rg4+ 54. Kf5 0-1

[Event "Madrid 2023-2024ch - Previa B"]
[Site "Madrid ESP"]
[Date "2024.02.09"]
[Round "4.15"]
[White "Becerra Baigorri, Jose"]
[Black "Manas Carrete, Miguel Angel"]
[Result "1-0"]
[WhiteElo "1447"]
[BlackElo "1500"]
[PlyCount "55"]
[EventDate "2024.02.01"]
[EventType "swiss"]
[EventRounds "9"]
[EventCountry "ESP"]
[SourceTitle "Ajedrez en Madrid"]
[Source "lmi"]
[SourceDate "2024.02.01"]
[SourceVersion "1"]
[SourceVersionDate "2024.02.25"]
[SourceQuality "1"]

1. e4 c5 2. Nf3 Nc6 3. d4 cxd4 4. Nxd4 Nxd4 5. Qxd4 d6 6. Bc4 e5 7. Qd5 Qc7 8.
Nc3 a6 9. Qd3 Ne7 10. O-O Ng6 11. Nd5 Qc6 12. Be3 Be6 13. Rad1 Ne7 14. Bb3 Bxd5
15. exd5 Qc7 16. c4 O-O-O 17. c5 Kb8 18. c6 bxc6 19. Qxa6 c5 20. Rd3 Qb7 21.
Qa5 Qc7 22. Qb5+ Qb7 23. Qc4 Nf5 24. Ba4 Kc7 25. Rb3 Qa7 26. Qb5 Qa8 27. Qb6+
Kc8 28. Bc6 1-0

[Event "Madrid 2023-2024ch - Previa B"]
[Site "Madrid ESP"]
[Date "2024.02.09"]
[Round "4.16"]
[White "Liern Matesanz, Jairo"]
[Black "Senador-Gomez Jaen, Julio"]
[Result "1-0"]
[WhiteElo "1521"]
[BlackElo "1408"]
[PlyCount "69"]
[EventDate "2024.02.01"]
[EventType "swiss"]
[EventRounds "9"]
[EventCountry "ESP"]
[SourceTitle "Ajedrez en Madrid"]
[Source "lmi"]
[SourceDate "2024.02.01"]
[SourceVersion "1"]
[SourceVersionDate "2024.02.25"]
[SourceQuality "1"]

1. d4 d5 2. c4 e6 3. Nc3 Nf6 4. Bg5 Be7 5. e3 O-O 6. Nf3 h6 7. Bxf6 Bxf6 8. Rc1
c6 9. h4 Nd7 10. g4 Re8 11. Qc2 Nf8 12. g5 hxg5 13. hxg5 Bxg5 14. Ne5 Qf6 15.
Nb1 Bh4 16. Qe2 Ng6 17. Nd2 c5 18. Ndf3 cxd4 19. Nxg6 Bxf2+ 20. Qxf2 fxg6 21.
Nxd4 Qe7 22. Nc2 b6 23. Qh4 Qd6 24. Bd3 e5 25. Qh7+ Kf7 26. Rf1+ Ke7 27. Qxg7+
Kd8 28. Qf6+ Qxf6 29. Rxf6 e4 30. Be2 Rh8 31. cxd5 Ke7 32. Rf4 Bf5 33. Nd4 Rh1+
34. Kd2 Rh5 35. Bxh5 1-0

[Event "Madrid 2023-2024ch - Previa B"]
[Site "Madrid ESP"]
[Date "2024.02.09"]
[Round "4.17"]
[White "Marcos Medina, Alejandro"]
[Black "Quiros Florea, Rafael-Santiago"]
[Result "0-1"]
[WhiteElo "1642"]
[BlackElo "1266"]
[PlyCount "139"]
[EventDate "2024.02.01"]
[EventType "swiss"]
[EventRounds "9"]
[EventCountry "ESP"]
[SourceTitle "Ajedrez en Madrid"]
[Source "lmi"]
[SourceDate "2024.02.01"]
[SourceVersion "1"]
[SourceVersionDate "2024.02.25"]
[SourceQuality "1"]

1. e4 c5 2. Nf3 e6 3. c4 b6 4. g3 Bb7 5. Nc3 Qc7 6. Bg2 d6 7. O-O Nf6 8. Re1
Nbd7 9. b3 Be7 10. Bb2 O-O 11. Qc2 Ng4 12. Rad1 Nge5 13. d4 Nxf3+ 14. Bxf3 cxd4
15. Nb5 Qc6 16. Nxd4 Qc5 17. Nb5 Ne5 18. Bg2 Rac8 19. Ba3 Qxb5 20. Qe2 Qc6 21.
f4 Nd7 22. Rd2 Qc7 23. Red1 Nc5 24. Bb2 Rfe8 25. Qg4 g6 26. f5 h5 27. Qf4 g5
28. Qe3 e5 29. Qe2 g4 30. Qe3 Kg7 31. Rf2 Nd7 32. Bc1 Rh8 33. f6+ Nxf6 34. Qg5+
Kf8 35. Rxf6 Bxf6 36. Qxf6 Rg8 37. Ba3 Rg6 38. Bxd6+ Qxd6 39. Qxd6+ Rxd6 40.
Rxd6 Ke7 41. Rh6 Rd8 42. Rxh5 Rd1+ 43. Kf2 Rd2+ 44. Kf1 Rxa2 45. Rxe5+ Kd6 46.
Rf5 Ra1+ 47. Kf2 Ra2+ 48. Kf1 Rxg2 49. Rf6+ Ke7 50. Rf4 Rxh2 51. Rxg4 Rh6 52.
Kf2 Rg6 53. Rh4 Bc8 54. Kf3 Rd6 55. Ke3 Rc6 56. Rh8 Be6 57. Ra8 Rc7 58. Rg8 b5
59. cxb5 Rc3+ 60. Kf4 Bxb3 61. Rb8 Be6 62. Rb7+ Kd6 63. Rxa7 Rb3 64. Ra6+ Kc5
65. Rc6+ Kxb5 66. Rxe6 fxe6 67. Ke5 Rxg3 68. Kxe6 Kc5 69. e5 Re3 70. Kf6 0-1

[Event "Madrid 2023-2024ch - Previa B"]
[Site "Madrid ESP"]
[Date "2024.02.09"]
[Round "4.18"]
[White "Veiga Macias, Rodrigo"]
[Black "Huang, Liangzhi"]
[Result "1-0"]
[WhiteElo "1339"]
[BlackElo "1569"]
[PlyCount "55"]
[EventDate "2024.02.01"]
[EventType "swiss"]
[EventRounds "9"]
[EventCountry "ESP"]
[SourceTitle "Ajedrez en Madrid"]
[Source "lmi"]
[SourceDate "2024.02.01"]
[SourceVersion "1"]
[SourceVersionDate "2024.02.25"]
[SourceQuality "1"]

1. e4 c5 2. Nf3 e6 3. d4 cxd4 4. Nxd4 Bc5 5. Nb3 Bb6 6. Be2 Ne7 7. O-O O-O 8.
Nc3 f5 9. exf5 Nxf5 10. Nb5 Nc6 11. c3 a6 12. Nd6 Nxd6 13. Qxd6 Bc7 14. Qd1 b6
15. Bf3 Bb7 16. Be3 Rf5 17. Nd4 Nxd4 18. Bxb7 Bxh2+ 19. Kxh2 Qh4+ 20. Kg1 Rh5
21. Qxh5 Qxh5 22. Bxd4 Rf8 23. f3 Qb5 24. b3 d5 25. a4 Qxb3 26. Bxa6 Ra8 27.
Bb5 Re8 28. Bxe8 1-0

[Event "Madrid 2023-2024ch - Previa B"]
[Site "Madrid ESP"]
[Date "2024.02.09"]
[Round "4.19"]
[White "Bonte Blazquez, Antonio"]
[Black "Alvear Zapata, Juan Pablo"]
[Result "0-1"]
[WhiteElo "1237"]
[BlackElo "1525"]
[PlyCount "62"]
[EventDate "2024.02.01"]
[EventType "swiss"]
[EventRounds "9"]
[EventCountry "ESP"]
[SourceTitle "Ajedrez en Madrid"]
[Source "lmi"]
[SourceDate "2024.02.01"]
[SourceVersion "1"]
[SourceVersionDate "2024.02.25"]
[SourceQuality "1"]

1. c4 Nf6 2. g3 e6 3. Bg2 d5 4. cxd5 exd5 5. Nc3 Be6 6. Nf3 h6 7. d3 Nbd7 8.
Nd4 c5 9. Nxe6 fxe6 10. Bd2 a6 11. O-O Bd6 12. Rc1 O-O 13. h4 Ng4 14. Bh3 h5
15. f3 Bxg3 16. Bg5 Qc7 17. fxg4 Rxf1+ 18. Qxf1 Rf8 19. Qg2 Rf2 20. Qh1 Rh2 21.
Qf3 Rxh3 22. Qg2 Rh2 23. Qf3 Rf2 24. Qh1 hxg4 25. Nxd5 exd5 26. Qxd5+ Kh8 27.
Qe4 Nf6 28. Bxf6 gxf6 29. Qxg4 Qf4 30. Qc8+ Kg7 31. Qd7+ Kh6 0-1

[Event "Madrid 2023-2024ch - Previa B"]
[Site "Madrid ESP"]
[Date "2024.02.09"]
[Round "4.20"]
[White "Garcia Martin, Marco"]
[Black "Blanco Barrios, Aitana"]
[Result "1-0"]
[WhiteElo "1203"]
[BlackElo "1519"]
[PlyCount "97"]
[EventDate "2024.02.01"]
[EventType "swiss"]
[EventRounds "9"]
[EventCountry "ESP"]
[SourceTitle "Ajedrez en Madrid"]
[Source "lmi"]
[SourceDate "2024.02.01"]
[SourceVersion "1"]
[SourceVersionDate "2024.02.25"]
[SourceQuality "1"]

1. e4 e5 2. Nf3 Nc6 3. Bc4 Bc5 4. c3 Nf6 5. d4 exd4 6. e5 d5 7. Bb5 Ne4 8. cxd4
Bb4+ 9. Bd2 Nxd2 10. Bxc6+ bxc6 11. Nbxd2 O-O 12. a3 Be7 13. b4 Bf5 14. Nb3 Re8
15. O-O f6 16. Nc5 fxe5 17. Nxe5 Bxc5 18. bxc5 Qf6 19. Qa4 Re6 20. Qa6 Qg5 21.
Qb7 Rf8 22. f4 Qh5 23. Qxc7 Rh6 24. Nf3 Be4 25. Qe5 Bxf3 26. Rxf3 Qxh2+ 27. Kf2
Qh4+ 28. Ke2 Qg4 29. Qg5 Rg6 30. Qxg4 Rxg4 31. g3 Re8+ 32. Kd3 Rg6 33. Rb1 Rge6
34. Rb7 R8e7 35. Rb8+ Kf7 36. Rc8 Rb7 37. Kc3 Rb1 38. Rc7+ Re7 39. Rxc6 Reb7
40. Rd3 R1b2 41. Rc7+ Kf6 42. Rxb7 Rxb7 43. Re3 a5 44. Re2 Rd7 45. Re5 g6 46.
g4 Rd8 47. g5+ Kf7 48. Kb3 Rb8+ 49. Ka4 1-0

[Event "Madrid 2023-2024ch - Previa B"]
[Site "Madrid ESP"]
[Date "2024.02.09"]
[Round "4.25"]
[White "Neill Rodriguez, John"]
[Black "Anton Ortiz, Carlos"]
[Result "1/2-1/2"]
[WhiteElo "1180"]
[BlackElo "1615"]
[PlyCount "121"]
[EventDate "2024.02.01"]
[EventType "swiss"]
[EventRounds "9"]
[EventCountry "ESP"]
[SourceTitle "Ajedrez en Madrid"]
[Source "lmi"]
[SourceDate "2024.02.01"]
[SourceVersion "1"]
[SourceVersionDate "2024.02.25"]
[SourceQuality "1"]

1. d4 d5 2. c4 Nf6 3. Nc3 e6 4. Nf3 dxc4 5. e3 Bb4 6. Bxc4 O-O 7. O-O b6 8. a3
Bxc3 9. bxc3 Bb7 10. Bb2 Qd6 11. h3 Nbd7 12. a4 c5 13. Be2 Qc7 14. Ra3 Rad8 15.
Qb3 e5 16. Rfa1 exd4 17. cxd4 Bd5 18. Qb5 Bc6 19. Qb3 cxd4 20. Bxd4 Nc5 21. Qb2
Ncd7 22. Ne5 Nxe5 23. Bxe5 Qe7 24. Bd4 Rfe8 25. Bb5 Qe4 26. Bxc6 Qxc6 27. a5
Rd5 28. axb6 Rb5 29. Qc3 Qxc3 30. Rxc3 axb6 31. Rc6 Nd5 32. Ra7 h6 33. Rb7 Rb1+
34. Kh2 b5 35. Rc5 Nf6 36. Bxf6 gxf6 37. Rcxb5 Rf1 38. Rf5 Kg7 39. Rf3 Re5 40.
Rb6 Re6 41. Rxe6 fxe6 42. h4 h5 43. Kg3 Rh1 44. Rf4 e5 45. Rb4 Re1 46. Rb3 Kg6
47. f4 exf4+ 48. Kxf4 Rh1 49. Kg3 Re1 50. Kf2 Ra1 51. g3 Kf5 52. Rb5+ Kg4 53.
Rb4+ Kh3 54. Rf4 Ra2+ 55. Kf1 Kxg3 56. Rxf6 Ra4 57. Ke2 Rxh4 58. Rg6+ Rg4 59.
Rf6 Ra4 60. Rg6+ Rg4 61. Rf6 1/2-1/2

[Event "Madrid 2023-2024ch - Previa B"]
[Site "Madrid ESP"]
[Date "2024.02.09"]
[Round "4.26"]
[White "Moreno Lopez, Maria Isabel"]
[Black "Perez Pascual, Arturo"]
[Result "0-1"]
[WhiteElo "1387"]
[BlackElo "1523"]
[PlyCount "108"]
[EventDate "2024.02.01"]
[EventType "swiss"]
[EventRounds "9"]
[EventCountry "ESP"]
[SourceTitle "Ajedrez en Madrid"]
[Source "lmi"]
[SourceDate "2024.02.01"]
[SourceVersion "1"]
[SourceVersionDate "2024.02.25"]
[SourceQuality "1"]

1. b3 d5 2. Bb2 Nf6 3. e3 Bf5 4. Bb5+ c6 5. Be2 Nbd7 6. f4 h5 7. Nf3 e6 8. d3
Bc5 9. Nd4 Bg6 10. Nd2 Qa5 11. c3 Qc7 12. N2f3 Bd6 13. Qd2 e5 14. fxe5 Nxe5 15.
Ng5 O-O 16. O-O-O Neg4 17. Bf3 Nxe3 18. Rde1 Rfe8 19. g3 Neg4 20. Rhf1 Nxh2 21.
Qxh2 Rxe1+ 22. Rxe1 Bxg3 23. Qg1 Qf4+ 24. Qe3 Qxe3+ 25. Rxe3 Bf4 26. Kc2 Bxe3
27. Nh3 c5 28. Ne2 c4 29. Nhf4 cxd3+ 30. Nxd3 Be4 31. Bxe4 dxe4 32. Ndf4 Rd8
33. c4 Rd2+ 34. Kc3 g5 35. Bc1 Rxe2 36. Nxe2 Bxc1 37. Nxc1 Kg7 38. Ne2 h4 39.
Kd2 Ng4 40. Ng1 Kf6 41. Ke2 Ke5 42. Nh3 Kf5 43. c5 Ne5 44. a4 a5 45. Ke3 g4 46.
Nf2 g3 47. Nxe4 Kg4 48. Nf6+ Kh3 49. Nh5 Kh2 50. Nf4 g2 51. Ne2 g1=Q+ 52. Nxg1
Kxg1 53. Ke4 Kf2 54. b4 axb4 0-1

[Event "Madrid 2023-2024ch - Previa B"]
[Site "Madrid ESP"]
[Date "2024.02.09"]
[Round "4.28"]
[White "Menendez Domens, Juan Manuel"]
[Black "De la Villa Ramos, Maria"]
[Result "1/2-1/2"]
[WhiteElo "1443"]
[BlackElo "1384"]
[PlyCount "129"]
[EventDate "2024.02.01"]
[EventType "swiss"]
[EventRounds "9"]
[EventCountry "ESP"]
[SourceTitle "Ajedrez en Madrid"]
[Source "lmi"]
[SourceDate "2024.02.01"]
[SourceVersion "1"]
[SourceVersionDate "2024.02.25"]
[SourceQuality "1"]

1. d4 Nf6 2. Nf3 d6 3. h3 g6 4. e3 Bg7 5. Bd3 O-O 6. e4 Re8 7. Nc3 e5 8. Bg5 c6
9. d5 Nbd7 10. b4 Qc7 11. dxc6 bxc6 12. O-O d5 13. Re1 Bb7 14. Rb1 a6 15. Na4
c5 16. Bxf6 Bxf6 17. bxc5 dxe4 18. Bxe4 Bxe4 19. Rxe4 Rad8 20. Qd6 Qa5 21. Qc6
Re6 22. Qd5 Be7 23. Qd2 Qxd2 24. Nxd2 Nxc5 25. Nxc5 Bxc5 26. Nf3 f6 27. Rb7 Re7
28. Rxe7 Bxe7 29. Kf1 Rd1+ 30. Ne1 Rd2 31. Rc4 a5 32. Rc3 e4 33. Re3 f5 34. f3
Bh4 35. fxe4 Rf2+ 36. Kg1 f4 37. Rf3 Re2 38. Nd3 Bg3 39. Nxf4 Re1+ 40. Rf1
Rxf1+ 41. Kxf1 Bxf4 42. Ke2 Kf7 43. Kd3 Ke6 44. c4 Kd6 45. Kc3 Be5+ 46. Kb3 Kc5
47. Ka4 Kxc4 48. Kxa5 Kd4 49. Kb5 Kxe4 50. Kc4 Kf4 51. Kd5 Bb8 52. Ke6 g5 53.
Kf6 Be5+ 54. Ke6 h5 55. a4 Bc3 56. Kd5 h4 57. Kc4 Be1 58. Kd3 Kg3 59. Ke2 Ba5
60. Kf1 g4 61. hxg4 Kxg4 62. Kg1 Bb6+ 63. Kh2 Bc7+ 64. Kg1 Kg3 65. Kh1 1/2-1/2